Quadratic algebras
Saved in:
| Main Author: | |
|---|---|
| Other Authors: | |
| Format: | Book |
| Language: | English |
| Published: |
Providence, R. I. :
American Mathematical Society,
c2005
|
| Series: | University lecture series ;
; 37 |
| Subjects: | |
| Tags: |
Add Tag
No Tags, Be the first to tag this record!
|
MARC
| LEADER | 00000nam a2200000 i 4500 | ||
|---|---|---|---|
| 001 | 1/69558 | ||
| 008 | 080108s2005 eng d | ||
| 020 | |a 0-8218-3834-2 | ||
| 035 | |l 10093446 | ||
| 040 | |a GR-MY-UA |b gre |e aacr | ||
| 041 | 0 | |a eng | |
| 082 | 0 | |a 512.4 |2 (22) | |
| 100 | 1 | |a Polishchuk, Alexander |d 1971- | |
| 245 | 1 | 0 | |a Quadratic algebras / |c Alexander Polishchuk, Leonid Positselski |
| 260 | |a Providence, R. I. : |b American Mathematical Society, |c c2005 | ||
| 300 | |a xii, 159 σ.; |c 26 εκ. | ||
| 490 | 1 | |a University lecture series |v ; 37 | |
| 504 | |a Περιέχει βιβλιογραφικές παραπομπές (σ. 155-159) | ||
| 650 | 0 | 0 | |a Quadratic fields. |
| 650 | 0 | 0 | |a Associative rings. |
| 650 | 0 | 0 | |a Commutative rings. |
| 650 | 0 | 0 | |a Stochastic processes. |
| 700 | 1 | |a Positselski, Leonid |d 1973- | |
| 830 | 0 | |a University lecture series ; |v ; 37 | |
| 852 | |a INST |b SAMOS |e 20080108 |h 512.4 POL |p 005300027528 |q 005300027528 |t BK |y 0 | ||
| 901 | |a BIBL3-2008-1 | ||
| 909 | |a Σ |b 140366 | ||
| 922 | |a 3ΕΛΗ |b 200711 |c ΕΠΕΑΕΚ2/ΤΜΗΜΑ ΜΑΘΗΜΑΤΙΚΩΝ |d ΕΛΕΥΘΕΡΟΥΔΑΚΗΣ | ||
| 970 | |a ΣΙΤΖΙΜΗ |b ΓΙΑΣΕΜΗ |z 2008/01/08 | ||